000 00302nam a22001337a 4500
008 170831b xxu||||| |||| 00| 0 eng d
020 _a9780534165246
041 _aeng
080 _22ND
_a070
100 _a40
101 _aMED
245 _aINTERPERSONAL COMMUNICATION
_cTRENHOLM,S
942 _2udc
_cBK
999 _c25730
_d25730